00352pab a2200133 454500008004000000100001900040245004100059260000900100300001000109362001100119650003800130650003000168773002000198180718b1995 xxu||||| |||| 00| 0 eng d aRamnarayan, K. aProblems of Indian higher education. c1995 ap.4,6 a15 May aUniversities and colleges - India aEducation, Higher - India aUniversity News